header

Explaining the computational mind (Record no. 12549)

MARC details
000 -LEADER
fixed length control field 01265nam a2200325Ia 4500
082 04 - DEWEY DECIMAL CLASSIFICATION NUMBER
Classification number 612.8/233
100 1# - MAIN ENTRY--AUTHOR NAME
Personal name Milkowski, Marcin.
245 10 - TITLE STATEMENT
Title Explaining the computational mind
260 ## - PUBLICATION, DISTRIBUTION, ETC. (IMPRINT)
Place of publication Cambrid, Massachusetts :
Name of publisher MIT Press,
Year of publication c2013.
300 ## - PHYSICAL DESCRIPTION
Number of Pages x, 243 p.
650 #0 - SUBJECT ADDED ENTRY--TOPICAL TERM
Topical Term Cognitive neuroscience
Topical Term Computational neuroscience.
Topical Term Computational complexity.
856 40 - ELECTRONIC LOCATION AND ACCESS
Uniform Resource Identifier http://site.ebrary.com/lib/rucke/Doc?id=10686951

No items available.

© 2026 Rongo University
Contact us: librarian | system librarian | Rongo university